Language, culture and society: (Record no. 56376)

MARC details
000 -LEADER
fixed length control field 00878nam a22002177a 4500
005 - DATE AND TIME OF LATEST TRANSACTION
control field 20110906113731.0
010 ## - LCCN (DPL NO)
LC control number G-001343
020 ## - INTERNATIONAL STANDARD BOOK NUMBER
Terms of availability 400.00
International Standard Book Number 8186323325
035 ## - SYSTEM CONTROL NUMBER
System control number G-001343
037 ## - SOURCE OF ACQUISITION
Source of stock number/acquisition Gift
082 ## - DEWEY DECIMAL CLASSIFICATION NUMBER
Classification number 464.09
245 ## - TITLE STATEMENT
Title Language, culture and society:
Statement of responsibility, etc edited by Panchanan Mohanty (and) Ramesh C. Malik
Remainder of title studies in Honour of Acharya Bhabananda /
260 ## - PUBLICATION, DISTRIBUTION, ETC. (IMPRINT)
Place of publication, distribution, etc Delhi
Name of publisher, distributor, etc Indian Institure of Language Studies
Date of publication, distribution, etc 2008
270 ## - ADDRESS
Address C-13/33, Sector-9, Rohini
City Delhi
Postal code 110085
300 ## - PHYSICAL DESCRIPTION
Extent 179p.
Dimensions 23cm(Hb)
700 ## - ADDED ENTRY--PERSONAL NAME
Personal name Mohanty, Panchanan
9 (RLIN) 34481
700 ## - ADDED ENTRY--PERSONAL NAME
Personal name Malik, Ramesh C.
9 (RLIN) 34482
942 ## - ADDED ENTRY ELEMENTS (KOHA)
Source of classification or shelving scheme Dewey Decimal Classification
Item type English Books
Classification part 464.09
Call number suffix LAN
Holdings
Withdrawn status Lost status Not for loan Collection code Home library Current library Date acquired Source of acquisition Cost, normal purchase price Full call number Barcode Copy number Cost, replacement price Koha item type
      Non-fiction Janak Puri Janak Puri 06/09/2011 gift 400.00 464.09 LAN G-001343 1 400.00 English Books

© Delhi Public Library
Hit Counter
free hit counter